[Event "16. Bayer Open"]
[Site "Leverkusen"]
[Date "2018.01.29"]
[Round "3.29"]
[White "Pützkaul, Karl"]
[Black "Riesen, Ingo"]
[Result "1-0"]
[WhiteElo "1881"]
[BlackElo "1602"]
[PlyCount "75"]
[EventDate "2018.??.??"]
[WhiteTeam "SC Bayer Leverkusen"]
[BlackTeam "Klub Kölner SF"]

1. Nf3 Nf6 2. c4 c5 3. Nc3 Nc6 4. g3 d6 5. Bg2 e5 6. d3 Be7 7. O-O O-O 8. a3
Be6 9. Rb1 Rb8 10. b4 b6 11. b5 Nd4 12. e3 Nxf3+ 13. Bxf3 Qd7 14. Bg2 Bh3 15.
e4 h6 16. f4 Bxg2 17. Kxg2 exf4 18. Bxf4 Rbd8 19. h3 Qe6 20. Qf3 Nd7 21. Nd5
Rc8 22. g4 Bh4 23. Bg3 Ne5 24. Qe2 Bxg3 25. Kxg3 Ng6 26. Rf5 Ne7 27. Nxe7+ Qxe7
28. Rbf1 Rc7 29. Qe3 Qe6 30. h4 Re7 31. Qf3 Qd7 32. g5 hxg5 33. hxg5 Re6 34.
Rh1 g6 35. Rf6 Kg7 36. Qg4 Qe7 37. Qh4 Qd8 38. Qh7# 1-0

[Event "16. Bayer Open"]
[Site "Leverkusen"]
[Date "2018.01.29"]
[Round "3.30"]
[White "Diaubalick, Ulrich"]
[Black "Riesen, Peter"]
[Result "0-1"]
[WhiteElo "1623"]
[BlackElo "1864"]
[PlyCount "42"]
[EventDate "2018.??.??"]
[WhiteTeam "SF Düsseldorf-Süd"]
[BlackTeam "Klub Kölner SF"]

1. e4 e5 2. Nf3 Nc6 3. Bc4 Bc5 4. c3 Nf6 5. d3 O-O 6. O-O d5 7. exd5 Nxd5 8. d4
exd4 9. Nxd4 Nxd4 10. cxd4 Be7 11. Nc3 Be6 12. Nxd5 Bxd5 13. Bxd5 Qxd5 14. Be3
Bf6 15. Rc1 Qxa2 16. Rxc7 Qxb2 17. Qg4 a5 18. d5 a4 19. d6 a3 20. d7 a2 21. Rc8
a1=Q 0-1

[Event "16. Bayer Open"]
[Site "Leverkusen"]
[Date "2018.01.29"]
[Round "3.31"]
[White "Klees, Robert"]
[Black "Antar Badal, Azadi"]
[Result "1/2-1/2"]
[WhiteElo "1575"]
[BlackElo "1856"]
[PlyCount "42"]
[EventDate "2018.??.??"]
[WhiteTeam "SF Düsseldorf-Süd"]
[BlackTeam "Königsspringer Leverkusen"]

1. e4 e5 2. Nf3 d6 3. d4 exd4 4. Nxd4 h6 5. Nc3 Nf6 6. Bc4 Bg4 7. f3 Bh5 8. Nd5
c6 9. Nf4 g5 10. Nxh5 Nxh5 11. Nf5 b5 12. Be2 Na6 13. Qd4 Qf6 14. Qf2 Nb4 15.
Bd1 c5 16. a3 Nc6 17. c3 Ne5 18. Qe2 c4 19. O-O Nf4 20. Bxf4 gxf4 21. Qd2 Ng6
1/2-1/2

[Event "16. Bayer Open"]
[Site "Leverkusen"]
[Date "2018.01.29"]
[Round "3.32"]
[White "Kuhn, Andreas"]
[Black "Breuer, Achim"]
[Result "1-0"]
[WhiteElo "1835"]
[BlackElo "1584"]
[PlyCount "65"]
[EventDate "2018.??.??"]
[WhiteTeam "SG Niederkassel"]
[BlackTeam "SV Dormagen"]

1. Nf3 e6 2. g3 d5 3. Bg2 Nf6 4. O-O c5 5. c4 Nc6 6. cxd5 exd5 7. d4 Bf5 8. Nc3
Ne4 9. dxc5 Nxc3 10. bxc3 Bxc5 11. Qb3 Qb6 12. Qxd5 Be6 13. Qe4 Rd8 14. Bg5 Ne7
15. Bxe7 Bxe7 16. Rab1 Bd5 17. Qa4+ Qc6 18. Qxc6+ Bxc6 19. Nd4 Bxg2 20. Kxg2
O-O 21. Rxb7 Bc5 22. e3 Bb6 23. a4 Rc8 24. Nb5 Rc4 25. Ra1 Ra8 26. a5 Bc5 27.
a6 Bb6 28. Rd1 Rc5 29. Nxa7 Ba5 30. Nb5 Kf8 31. a7 Rcc8 32. Rdd7 Bd8 33. Rxf7+
1-0

[Event "16. Bayer Open"]
[Site "Leverkusen"]
[Date "2018.01.29"]
[Round "3.33"]
[White "Hasanovic, Huzeir"]
[Black "Axmann, Michael"]
[Result "0-1"]
[WhiteElo "1496"]
[BlackElo "1827"]
[PlyCount "124"]
[EventDate "2018.??.??"]
[WhiteTeam "SV Opladen"]
[BlackTeam "SC Bayer Leverkusen"]

1. f4 Nf6 2. Nf3 d5 3. e3 c5 4. b3 Nc6 5. Bb2 Bf5 6. a3 e6 7. Be2 Be7 8. O-O
O-O 9. Nh4 h6 10. Nxf5 exf5 11. Nc3 a6 12. Bf3 Qd6 13. Kh1 Rad8 14. Ne2 Rfe8
15. Ng3 g6 16. h4 Ne4 17. Nxe4 dxe4 18. Be2 Bxh4 19. Bc1 Qf6 20. Rb1 Bg3 21.
Bg4 fxg4 22. Qxg4 Qh4+ 23. Qxh4 Bxh4 24. Kh2 Rd5 25. g3 Bf6 26. g4 Kg7 27. Rg1
Bd8 28. Rg2 f5 29. Bb2+ Kf7 30. Rbg1 g5 31. c4 Rd3 32. Bc3 Rg8 33. gxf5 Bf6 34.
fxg5 hxg5 35. Bxf6 Kxf6 36. b4 cxb4 37. axb4 Ne5 38. Rd1 Nxc4 39. Kg3 Nxe3 40.
dxe3 Rxd1 41. Rh2 Kxf5 42. Rf2+ Ke5 43. b5 Rd3 44. bxa6 bxa6 45. Kg4 Rxe3 46.
Rf5+ Kd4 47. Rf6 Ra3 48. Rd6+ Ke3 49. Rd5 a5 50. Rd7 a4 51. Kg3 Ra1 52. Kg2 a3
53. Rb7 Rd8 54. Rh7 Rd2+ 55. Kg3 a2 56. Ra7 Rg1+ 57. Kh3 g4+ 58. Kh4 a1=Q 59.
Rxa1 Rxa1 60. Kxg4 Rf2 61. Kg5 Rg1+ 62. Kh6 Rh2# 0-1

[Event "16. Bayer Open"]
[Site "Leverkusen"]
[Date "2018.01.29"]
[Round "3.34"]
[White "Pyrowicz, Jacek"]
[Black "Teuber, Alfons"]
[Result "1-0"]
[WhiteElo "1825"]
[BlackElo "1228"]
[PlyCount "80"]
[EventDate "2018.??.??"]
[WhiteTeam "SV Wermelskirchen"]
[BlackTeam "BSW Opladen"]

1. d4 d5 2. c4 dxc4 3. Nc3 Nf6 4. e4 c6 5. Bxc4 e6 6. Nf3 h6 7. O-O Bb4 8. Qe2
Bxc3 9. bxc3 Nbd7 10. Ba3 Nb6 11. Bb3 a5 12. c4 Qc7 13. e5 Nh5 14. Nd2 Nf4 15.
Qf3 Ng6 16. Ne4 Ne7 17. Nd6+ Qxd6 18. exd6 Nf5 19. Qd3 a4 20. Bc2 Bd7 21. Rab1
Ra6 22. c5 Nxd6 23. cxb6 Nf5 24. Bc5 g6 25. Qf3 Ra5 26. g4 Rxc5 27. dxc5 Nd4
28. Qf6 Ne2+ 29. Kh1 Rg8 30. Qe5 f5 31. Qxe2 Kf7 32. Rbd1 Bc8 33. gxf5 exf5 34.
Bxa4 Re8 35. Bb3+ Be6 36. Rd7+ Kf6 37. Rd6 Kf7 38. Rxe6 Rxe6 39. Qxe6+ Kg7 40.
Qf7+ Kh8 1-0

[Event "16. Bayer Open"]
[Site "Leverkusen"]
[Date "2018.01.29"]
[Round "3.35"]
[White "Kolleck, Wolf-Dietrich"]
[Black "Gülden, Ralf"]
[Result "1/2-1/2"]
[WhiteElo "1546"]
[BlackElo "1722"]
[PlyCount "48"]
[EventDate "2018.??.??"]
[WhiteTeam "SC Bayer Leverkusen"]
[BlackTeam "Königsspringer Leverkusen"]

1. d4 Nf6 2. c4 e6 3. Nc3 Bb4 4. a3 Bxc3+ 5. bxc3 b6 6. e3 Bb7 7. Nf3 O-O 8.
Bd3 Be4 9. O-O d6 10. Bb2 Nbd7 11. Qc2 Bxd3 12. Qxd3 c5 13. Rac1 e5 14. Qc2 Re8
15. Rce1 Rc8 16. a4 Qc7 17. e4 cxd4 18. cxd4 Qxc4 19. Qxc4 Rxc4 20. dxe5 dxe5
21. a5 Rxe4 22. axb6 axb6 23. Rc1 Re2 24. Ba1 Ne4 1/2-1/2

[Event "16. Bayer Open"]
[Site "Leverkusen"]
[Date "2018.01.29"]
[Round "3.36"]
[White "Witte, Volker"]
[Black "Milz, Ulrich"]
[Result "1-0"]
[WhiteElo "1836"]
[BlackElo "1686"]
[PlyCount "91"]
[EventDate "2018.??.??"]
[WhiteTeam "SF Schlebusch"]
[BlackTeam "SC Bayer Leverkusen"]

1. d4 b6 2. e4 Bb7 3. Bd3 Nc6 4. c3 e6 5. Nf3 h6 6. O-O Nf6 7. h3 Ne7 8. Re1
Ng6 9. e5 Nd5 10. Bxg6 fxg6 11. Qc2 Kf7 12. a3 c5 13. c4 Ne7 14. Qd3 Nf5 15. d5
Be7 16. Nc3 a6 17. Qe4 Qc8 18. Qd3 Qd8 19. Re4 h5 20. Rf4 Kg8 21. g4 hxg4 22.
hxg4 Nh4 23. Nxh4 Rxh4 24. Qxg6 Rh6 25. Qf7+ Kh8 26. Rf3 Rh7 27. Kf1 Qf8 28.
Ke2 g6 29. Qxh7+ Kxh7 30. Rxf8 Rxf8 31. Be3 b5 32. Kd3 exd5 33. cxd5 c4+ 34.
Ke4 Re8 35. Rh1+ Kg8 36. f4 Bf8 37. Rh2 Bg7 38. Bd4 d6 39. Rf2 g5 40. f5 Bxe5
41. Bxe5 Rxe5+ 42. Kd4 Kf7 43. Rh2 Kg7 44. Rh5 Kf6 45. Rh6+ Ke7 46. Rh7+ 1-0

[Event "16. Bayer Open"]
[Site "Leverkusen"]
[Date "2018.01.29"]
[Round "3.37"]
[White "Baier, Uwe"]
[Black "Garcia Unterbusch, Juan"]
[Result "1-0"]
[WhiteElo "1834"]
[BlackElo "1456"]
[PlyCount "61"]
[EventDate "2018.??.??"]
[WhiteTeam "Schachuzipus Köln-Mülheim"]
[BlackTeam "Pulheimer SC"]

1. d4 Nf6 2. c4 g6 3. Nc3 Bg7 4. e4 d6 5. Be2 O-O 6. Be3 Nbd7 7. h3 e5 8. d5 a5
9. Nf3 Nc5 10. Nd2 Bd7 11. O-O Ne8 12. f4 exf4 13. Bxf4 Nf6 14. e5 dxe5 15.
Bxe5 Re8 16. Nf3 Nfe4 17. Bxg7 Kxg7 18. Nxe4 Nxe4 19. Bd3 Ng3 20. Rf2 Kg8 21.
Qd2 Qe7 22. Kh2 Nf5 23. Re1 Qd6+ 24. Kg1 Qc5 25. Ne5 Re7 26. g4 Nd4 27. Qf4 Rf8
28. Re4 f6 29. Nxd7 Rxd7 30. Rxd4 Re7 31. Kg2 1-0

[Event "16. Bayer Open"]
[Site "Leverkusen"]
[Date "2018.01.29"]
[Round "3.38"]
[White "Elsweiler, Karl-Heinz"]
[Black "Roder, Stephan"]
[Result "1-0"]
[WhiteElo "1738"]
[BlackElo "1399"]
[PlyCount "55"]
[EventDate "2018.??.??"]
[WhiteTeam "SV Opladen"]
[BlackTeam "Bergische SF"]

1. b4 e5 2. Bb2 Bxb4 3. Bxe5 Nf6 4. Nf3 d5 5. e3 O-O 6. Be2 Nbd7 7. Bb2 Nb6 8.
Ba3 Bxa3 9. Nxa3 a6 10. c4 Be6 11. Qc2 dxc4 12. Nxc4 Qd5 13. Nce5 Rac8 14. O-O
g6 15. d4 Bf5 16. Qb2 Ne4 17. Rac1 f6 18. Nc4 Na4 19. Qb4 Qb5 20. Qe1 Qe8 21.
Na5 b5 22. Nc6 Ra8 23. Qb4 Rf7 24. Rc2 Nxf2 25. Bc4 Nh3+ 26. gxh3 Qxe3+ 27.
Rcf2 Be6 28. Re1 1-0

[Event "16. Bayer Open"]
[Site "Leverkusen"]
[Date "2018.01.29"]
[Round "3.39"]
[White "Longerich, Hans-Peter"]
[Black "Balduan, Karl-Heinz"]
[Result "0-1"]
[WhiteElo "1551"]
[BlackElo "1600"]
[PlyCount "61"]
[EventDate "2018.??.??"]
[WhiteTeam "SC Bayer Leverkusen"]
[BlackTeam "Königsspringer Leverkusen"]

1. e4 e5 2. Nf3 Nc6 3. Bb5 d6 4. O-O Bd7 5. d3 Be7 6. Be3 h6 7. a3 Bg5 8. Nxg5
hxg5 9. Nd2 Nge7 10. Bxg5 f6 11. Be3 Qc8 12. Qf3 a6 13. Bxc6 Nxc6 14. Qg3 g5
15. f4 exf4 16. Bxf4 g4 17. Be3 Qd8 18. Nf3 Qe7 19. Nh4 Qg7 20. Nf5 Bxf5 21.
Rxf5 O-O-O 22. Raf1 Rdf8 23. b4 Ne7 24. R5f4 Rhg8 25. Bd4 Nc6 26. Bxf6 Rxf6 27.
Rxf6 Nd4 28. Qf2 Nf3+ 29. Rxf3 gxf3 30. Qxf3 b6 31. Qf7 0-1

[Event "16. Bayer Open"]
[Site "Leverkusen"]
[Date "2018.01.29"]
[Round "3.40"]
[White "Nölle, Michael"]
[Black "Hoferichter, Michael"]
[Result "1-0"]
[WhiteElo "1471"]
[BlackElo "1569"]
[PlyCount "51"]
[EventDate "2018.??.??"]
[WhiteTeam "SF Schlebusch"]
[BlackTeam "Klub Kölner SF"]

1. f4 Nf6 2. Nc3 e6 3. d3 d5 4. Nf3 Bb4 5. Bd2 O-O 6. a3 Bd6 7. e3 Bd7 8. Be2
Nc6 9. O-O e5 10. Nb5 Qe7 11. Nxd6 Qxd6 12. fxe5 Nxe5 13. Bb4 Nxf3+ 14. Rxf3 c5
15. Bc3 Ng4 16. Rg3 f5 17. d4 Rf7 18. dxc5 Qxc5 19. Bd4 Qe7 20. Qd3 Qe4 21.
Qxe4 dxe4 22. Bc4 Raf8 23. h3 Kh8 24. Bxf7 Rxf7 25. hxg4 fxg4 26. Rf1 1-0

[Event "16. Bayer Open"]
[Site "Leverkusen"]
[Date "2018.01.29"]
[Round "3.42"]
[White "Gnass, Arno"]
[Black "Haag, Helmut"]
[Result "1-0"]
[WhiteElo "1789"]
[BlackElo "1609"]
[PlyCount "53"]
[EventDate "2018.??.??"]
[WhiteTeam "Bergische SF"]
[BlackTeam "Langenfelder SF"]

1. d4 d5 2. Nf3 Nf6 3. e3 Bg4 4. Nbd2 e6 5. b3 Bb4 6. Be2 Nc6 7. O-O O-O 8. Bb2
a6 9. c4 Bxf3 10. Nxf3 Re8 11. a3 Be7 12. Rc1 Qd7 13. Ne5 Qd6 14. Bd3 Rac8 15.
Bb1 g6 16. Qf3 Rf8 17. Qe2 Na5 18. c5 Qd8 19. Qc2 Nd7 20. Bc3 Nxe5 21. Bxa5 Nc6
22. Bc3 Bf6 23. Rfd1 Ne7 24. b4 b6 25. h3 Bg7 26. e4 Bh6 27. Bd2 1-0

[Event "16. Bayer Open"]
[Site "Leverkusen"]
[Date "2018.01.29"]
[Round "3.43"]
[White "Kronseder, Michael"]
[Black "Müller, Horst"]
[Result "1-0"]
[WhiteElo "1763"]
[BlackElo "1580"]
[PlyCount "65"]
[EventDate "2018.??.??"]
[WhiteTeam "SV Hürth-Berrenrath"]
[BlackTeam "SV Springer Hitdorf"]

1. e4 c5 2. Nf3 d6 3. Bb5+ Bd7 4. Bxd7+ Nxd7 5. O-O Ngf6 6. d3 g6 7. Nc3 Bg7 8.
h3 O-O 9. Be3 a6 10. a4 Qc7 11. Qd2 Rfb8 12. Nh4 e6 13. f4 d5 14. exd5 Nxd5 15.
Nxd5 exd5 16. f5 Qg3 17. Nf3 Qd6 18. Bf4 Ne5 19. Kh1 Re8 20. fxg6 hxg6 21. Qf2
Qb6 22. Nxe5 Bxe5 23. Bxe5 Rxe5 24. Qxf7+ Kh8 25. Rf6 Rf5 26. Rxb6 Rxf7 27.
Rxg6 Rf2 28. Re1 Kh7 29. Rg5 Rxc2 30. Re7+ Kh6 31. h4 Rf8 32. Reg7 Rh8 33. g4
1-0

[Event "16. Bayer Open"]
[Site "Leverkusen"]
[Date "2018.01.29"]
[Round "3.44"]
[White "Shelukie, Magd"]
[Black "Hegmann, Werner"]
[Result "1-0"]
[WhiteElo "1592"]
[BlackElo "1743"]
[PlyCount "41"]
[EventDate "2018.??.??"]
[WhiteTeam "Bergische SF"]
[BlackTeam "SV Opladen"]

1. e4 e5 2. d4 exd4 3. Nf3 Bc5 4. Nxd4 d6 5. Bc4 Nf6 6. Bg5 h6 7. Bh4 g5 8. Bg3
Bg4 9. Nf3 Nbd7 10. Nc3 Qe7 11. O-O c6 12. Qd3 Be6 13. e5 Bxc4 14. Qxc4 dxe5
15. Nxe5 O-O-O 16. Nxf7 Nd5 17. Nxh8 Nb8 18. Qg4+ Nd7 19. Nxd5 cxd5 20. Ng6 Qf7
21. Ne5 1-0

[Event "16. Bayer Open"]
[Site "Leverkusen"]
[Date "2018.01.29"]
[Round "3.45"]
[White "Esser, Heinz"]
[Black "Skiber, Friedel"]
[Result "1-0"]
[WhiteElo "1582"]
[BlackElo "1695"]
[PlyCount "105"]
[EventDate "2018.??.??"]
[WhiteTeam "SV Dormagen"]
[BlackTeam "SG Solingen"]

1. c4 e5 2. g3 Nc6 3. Bg2 g6 4. Nc3 Nge7 5. e4 Bg7 6. Nge2 O-O 7. O-O d6 8. d3
Be6 9. h3 Qd7 10. Kh2 f5 11. f4 Rf7 12. Nd5 Raf8 13. Bd2 Nc8 14. Rb1 Nd4 15.
Nxd4 exd4 16. Nb4 c6 17. Nc2 Ne7 18. b4 b6 19. a4 fxe4 20. dxe4 c5 21. bxc5
dxc5 22. a5 Bxc4 23. Rf3 b5 24. a6 b4 25. Ra1 d3 26. e5 dxc2 27. Qxc2 Qe6 28.
Ra5 Rc8 29. Re3 Nf5 30. Re4 Nd4 31. Qd1 Qb6 32. Ra1 Rd8 33. Rc1 Qxa6 34. Bxb4
Ne6 35. Bd2 Bd5 36. Ra4 Qc6 37. Bf1 Nc7 38. Ra5 c4 39. Be3 Rfd7 40. Qe1 a6 41.
Rc5 Qa4 42. Bxc4 Bxc4 43. R5xc4 Qa2+ 44. R1c2 Rd2+ 45. Bxd2 Qb3 46. Rxc7 Rd3
47. R7c3 Qd5 48. Rxd3 Qxd3 49. Rc3 Qb5 50. Qe4 Bf8 51. Qc4+ Kg7 52. Qxb5 axb5
53. Rb3 1-0

[Event "16. Bayer Open"]
[Site "Leverkusen"]
[Date "2018.01.29"]
[Round "3.46"]
[White "Azimi, Reza"]
[Black "Becker, Johann"]
[Result "0-1"]
[WhiteElo "1546"]
[BlackElo "1691"]
[PlyCount "66"]
[EventDate "2018.??.??"]
[WhiteTeam "Schachuzipus Köln-Mülheim"]
[BlackTeam "TV Witzhelden"]

1. e4 c5 2. Nf3 e6 3. d4 cxd4 4. Nxd4 Nc6 5. Nxc6 bxc6 6. Bd3 Qc7 7. O-O Bd6 8.
f4 Qb6+ 9. Kh1 Ne7 10. b3 Ba6 11. Bb2 Rg8 12. c4 Ng6 13. e5 Bc7 14. Qc2 d5 15.
cxd5 Bxd3 16. Qxd3 cxd5 17. Bd4 Qb7 18. Na3 a6 19. Rac1 Kd7 20. Nc2 Rgc8 21.
Ne3 Bb6 22. Bxb6 Qxb6 23. Nc4 Qa7 24. f5 Ne7 25. fxe6+ fxe6 26. h3 Rf8 27. Nd6
g6 28. g4 Nc6 29. Rfe1 Rf2 30. Re2 Raf8 31. Rce1 Rf1+ 32. Rxf1 Rxf1+ 33. Kg2
Qg1# 0-1

[Event "16. Bayer Open"]
[Site "Leverkusen"]
[Date "2018.01.29"]
[Round "3.47"]
[White "Büttgenbach, Uwe Eugen"]
[Black "Paul, André David"]
[Result "0-1"]
[WhiteElo "1505"]
[BlackElo "1655"]
[PlyCount "43"]
[EventDate "2018.??.??"]
[WhiteTeam "Ronsdorfer SV"]
[BlackTeam "Kölner SK Dr. Lasker"]

1. e4 e6 2. d4 d5 3. exd5 exd5 4. Be2 Bf5 5. Bf3 Nf6 6. Ne2 h6 7. O-O Bd6 8.
Bf4 g5 9. Bxd6 Qxd6 10. Ng3 Be6 11. Re1 O-O 12. Bg4 Bxg4 13. Qxg4 Nxg4 14. Nc3
c6 15. h3 Nxf2 16. Kxf2 Qf4+ 17. Kg1 Qxg3 18. Rf1 Na6 19. Rf6 Kg7 20. Raf1 Qe3+
21. Kh2 Qxd4 22. Ne2 0-1

[Event "16. Bayer Open"]
[Site "Leverkusen"]
[Date "2018.01.29"]
[Round "3.48"]
[White "Jacobi, Bernd"]
[Black "Nölle, Lisa"]
[Result "1/2-1/2"]
[WhiteElo "1653"]
[BlackElo "916"]
[PlyCount "55"]
[EventDate "2018.??.??"]
[WhiteTeam "Langenfelder SF"]
[BlackTeam "SF Schlebusch"]

1. d4 b6 2. Nf3 Nf6 3. c3 e6 4. Bg5 Be7 5. Bxf6 Bxf6 6. e3 O-O 7. Nbd2 Bb7 8.
Bd3 c5 9. h4 d6 10. Bxh7+ Kxh7 11. Ng5+ Kh6 12. Qg4 Nc6 13. Qf4 Qe7 14. Nxe6+
Kh7 15. Nxf8+ Rxf8 16. Nf3 Rh8 17. g4 Nd8 18. g5 Qe4 19. Qxe4+ Bxe4 20. Rh3 Be7
21. O-O-O Rf8 22. Nd2 Bf5 23. Rh2 d5 24. f4 Ne6 25. h5 cxd4 26. g6+ Kh6 27.
exd4 Nxf4 28. Rf1 1/2-1/2

[Event "16. Bayer Open"]
[Site "Leverkusen"]
[Date "2018.02.05"]
[Round "4.1"]
[White "Stillger, Bernhard"]
[Black "Bausch, Thomas"]
[Result "1/2-1/2"]
[WhiteElo "2338"]
[BlackElo "2113"]
[PlyCount "64"]
[EventDate "2018.??.??"]
[WhiteTeam "Oberhausener SV"]
[BlackTeam "Pulheimer SC"]

1. d4 d5 2. c4 e6 3. Nf3 Nf6 4. Nc3 Be7 5. Bf4 a6 6. e3 O-O 7. a3 dxc4 8. Bxc4
c5 9. dxc5 Bxc5 10. O-O b5 11. Be2 Bb7 12. Rc1 Nbd7 13. Ne5 Nxe5 14. Bxe5 Rc8
15. Bf3 Qxd1 16. Rfxd1 Bxf3 17. gxf3 Be7 18. Bd6 Bxd6 19. Rxd6 Ra8 20. Ne4 Rfd8
21. Rxd8+ Rxd8 22. Rc6 Nxe4 23. fxe4 Ra8 24. Kf1 h5 25. Ke2 Ra7 26. f4 Kh7 27.
f5 e5 28. h4 f6 29. Kd3 Rd7+ 30. Kc2 Ra7 31. Kc3 Ra8 32. Kc2 Ra7 1/2-1/2

[Event "16. Bayer Open"]
[Site "Leverkusen"]
[Date "2018.02.05"]
[Round "4.2"]
[White "Mohaupt, Sascha"]
[Black "Heller, Achim"]
[Result "1-0"]
[WhiteElo "2200"]
[BlackElo "2095"]
[PlyCount "83"]
[EventDate "2018.??.??"]
[WhiteTeam "SV Wermelskirchen"]
[BlackTeam "SG Ennepe-Ruhr-Süd"]

1. e4 c6 2. d4 d5 3. e5 Bf5 4. Nf3 e6 5. Be2 c5 6. Be3 cxd4 7. Nxd4 Ne7 8. O-O
Nbc6 9. Bb5 a6 10. Bxc6+ bxc6 11. c4 dxc4 12. Qa4 Bd3 13. Rd1 Qd7 14. Na3 Nd5
15. Nxc4 Bxc4 16. Qxc4 c5 17. Nf3 Qb5 18. b3 Be7 19. Qg4 g6 20. Bh6 Qb4 21. Qg3
Rd8 22. Kh1 Bf8 23. Qh3 Bxh6 24. Qxh6 Qf4 25. Qxf4 Nxf4 26. Rxd8+ Kxd8 27. Rc1
Kc7 28. Rxc5+ Kb6 29. Rc4 Nd3 30. Rd4 Nc1 31. Ng5 Rc8 32. h4 Rc2 33. f4 Rxa2
34. Nxf7 Ra1 35. Kh2 Kc5 36. Rd6 Nxb3 37. Rxe6 a5 38. Ra6 Kb5 39. Ra8 a4 40. e6
a3 41. e7 Re1 42. Ne5 1-0

[Event "16. Bayer Open"]
[Site "Leverkusen"]
[Date "2018.02.05"]
[Round "4.3"]
[White "Lindam, Ingo"]
[Black "Peschel, Andreas"]
[Result "0-1"]
[WhiteElo "2112"]
[BlackElo "2195"]
[PlyCount "64"]
[EventDate "2018.??.??"]
[WhiteTeam "Kölner SK Dr. Lasker"]
[BlackTeam "SG Solingen"]

1. d4 g6 2. c4 Bg7 3. Nf3 c5 4. e4 cxd4 5. Nxd4 Qb6 6. Nb3 a6 7. Be3 Qc6 8. Nc3
d6 9. Be2 Nf6 10. Nd2 O-O 11. Rc1 Nbd7 12. Nd5 Re8 13. b4 b6 14. b5 Qb7 15.
bxa6 Qb8 16. Rb1 Nxd5 17. cxd5 Bxa6 18. O-O Bxe2 19. Qxe2 Rxa2 20. Qb5 Ne5 21.
Nc4 Rc8 22. Nxe5 Bxe5 23. Qxb6 Qxb6 24. Rxb6 f5 25. exf5 gxf5 26. g3 Rc4 27.
Rb7 Kf7 28. Re1 Re4 29. Rd1 h5 30. Bg5 Bd4 31. Rf1 Ree2 32. Kh1 Bxf2 0-1

[Event "16. Bayer Open"]
[Site "Leverkusen"]
[Date "2018.02.05"]
[Round "4.4"]
[White "Marcziter, Dmitrii"]
[Black "Neubauer, Jürgen"]
[Result "1-0"]
[WhiteElo "2279"]
[BlackElo "2046"]
[PlyCount "67"]
[EventDate "2018.??.??"]
[WhiteTeam "DJK Aufwärts Aachen"]
[BlackTeam "SK Turm Euskirchen"]

1. d4 d5 2. c4 e6 3. Nf3 c5 4. cxd5 exd5 5. Nc3 Be6 6. g3 Nc6 7. Bg2 Rc8 8. O-O
Be7 9. dxc5 Bxc5 10. Ng5 Nge7 11. Nxe6 fxe6 12. e4 O-O 13. exd5 Nxd5 14. Nxd5
exd5 15. Qxd5+ Qxd5 16. Bxd5+ Kh8 17. Be3 Nd4 18. Rad1 Ne2+ 19. Kg2 b6 20. Bf3
Bxe3 21. fxe3 Nc3 22. bxc3 Rxc3 23. Rfe1 g5 24. Rd7 a5 25. Re2 Rc4 26. e4 Rc3
27. Bg4 b5 28. Bf5 b4 29. Rxh7+ Kg8 30. Ra7 Rc5 31. Rd2 Rb8 32. Rdd7 Rc2+ 33.
Kh3 Rxa2 34. Be6+ 1-0

[Event "16. Bayer Open"]
[Site "Leverkusen"]
[Date "2018.02.05"]
[Round "4.5"]
[White "Kies, Werner"]
[Black "Balduan, Markus"]
[Result "0-1"]
[WhiteElo "2036"]
[BlackElo "2309"]
[PlyCount "92"]
[EventDate "2018.??.??"]
[WhiteTeam "SC Bayer Leverkusen"]
[BlackTeam "TV Witzhelden"]

1. e4 c5 2. Nc3 g6 3. Nf3 Bg7 4. g3 Nc6 5. Bg2 d6 6. d3 Rb8 7. a4 a6 8. O-O b5
9. axb5 axb5 10. Nd5 e6 11. Ne3 Nge7 12. c3 b4 13. Bd2 O-O 14. Re1 Qc7 15. Qc1
bxc3 16. bxc3 Na5 17. Ra3 Nb3 18. Qc2 Nxd2 19. Nxd2 Bb7 20. Nec4 d5 21. Na5 Ba8
22. Rea1 Rfd8 23. Ra4 Qd6 24. Nab3 Bb7 25. Na5 Bc8 26. Nab3 dxe4 27. d4 cxd4
28. Nxd4 f5 29. Nc4 Qc5 30. Bf1 Bxd4 31. cxd4 Rxd4 32. Ra5 Qc7 33. Ra7 Rb7 34.
Rxb7 Bxb7 35. Ra7 Nc8 36. Ra4 Nb6 37. Rb4 Nxc4 38. Qc3 Rd1 39. Rxc4 Rxf1+ 40.
Kg2 e3+ 41. f3 Rf2+ 42. Kh3 Qd7 43. Rd4 Qe7 44. Qxe3 Rxf3 45. Qd2 g5 46. Qb4
g4+ 0-1

[Event "16. Bayer Open"]
[Site "Leverkusen"]
[Date "2018.02.05"]
[Round "4.6"]
[White "Asadzade, Idris"]
[Black "Lamprecht, Mark"]
[Result "1/2-1/2"]
[WhiteElo "1967"]
[BlackElo "2210"]
[PlyCount "45"]
[EventDate "2018.??.??"]
[WhiteTeam "Königsspringer Leverkusen"]
[BlackTeam "SC Bonn Beuel"]

1. c4 f5 2. Nf3 Nf6 3. g3 g6 4. Bg2 Bg7 5. O-O O-O 6. d4 c6 7. Nc3 d6 8. Qc2
Qc7 9. c5 dxc5 10. Qb3+ Kh8 11. dxc5 e5 12. Rd1 Na6 13. Qc4 Qe7 14. Rd6 b5 15.
Qh4 b4 16. Ng5 h5 17. Bxc6 Nxc5 18. Bxa8 bxc3 19. Rd1 Ba6 20. Bg2 e4 21. bxc3
Bxe2 22. Rd2 Bc4 23. Ba3 1/2-1/2

[Event "16. Bayer Open"]
[Site "Leverkusen"]
[Date "2018.02.05"]
[Round "4.7"]
[White "Moors, Christoph"]
[Black "Gula, Julian"]
[Result "1-0"]
[WhiteElo "2068"]
[BlackElo "2025"]
[PlyCount "77"]
[EventDate "2018.??.??"]
[WhiteTeam "SC Erkrath"]
[BlackTeam "SF Düsseldorf-Süd"]

1. d4 Nf6 2. c4 e6 3. Nc3 Bb4 4. e3 Ne4 5. Nge2 b6 6. Bd2 Nxd2 7. Qxd2 Bb7 8.
a3 Be7 9. Nf4 Bg5 10. Bd3 O-O 11. O-O d6 12. Qc2 h6 13. Nfe2 Nd7 14. f4 Be7 15.
f5 exf5 16. Bxf5 Bg5 17. Nf4 Re8 18. Rae1 Nf6 19. Qd3 g6 20. Bh3 Ne4 21. Nfd5
Nxc3 22. Nxc3 Qe7 23. e4 f5 24. e5 dxe5 25. Rxe5 Qd7 26. Rfe1 Rad8 27. d5 Bf4
28. R5e2 Rxe2 29. Qxe2 Kf7 30. g4 fxg4 31. Bxg4 Qe8 32. Be6+ Kg7 33. Qe4 Bd6
34. Qd4+ Kh7 35. Ne4 Be7 36. Rf1 g5 37. Rf7+ Kg6 38. Rg7+ Kh5 39. Ng3# 1-0

[Event "16. Bayer Open"]
[Site "Leverkusen"]
[Date "2018.02.05"]
[Round "4.8"]
[White "Pejkovic, Patrick Slavko"]
[Black "Kamphausen, Johannes-Dieter"]
[Result "1-0"]
[WhiteElo "2133"]
[BlackElo "1898"]
[PlyCount "109"]
[EventDate "2018.??.??"]
[WhiteTeam "Langenfelder SF"]
[BlackTeam "SV Springer Hitdorf"]

1. e4 c5 2. Nc3 e6 3. f4 Nc6 4. Nf3 d5 5. d3 a6 6. Be2 Nf6 7. O-O Be7 8. Ne5
O-O 9. Qe1 dxe4 10. Nxc6 bxc6 11. dxe4 Rb8 12. Kh1 a5 13. Bc4 Rb4 14. b3 Rb6
15. Na4 Rb8 16. Ba3 Qd4 17. e5 Nd5 18. c3 Qe3 19. Rf3 Qxe1+ 20. Rxe1 Nb6 21.
Nxb6 Rxb6 22. Rd3 Rb8 23. Red1 Re8 24. Kg1 Kf8 25. R3d2 Ra8 26. Bb2 Rb8 27. Be2
Kg8 28. Bf3 Rb6 29. c4 Ra6 30. Bc3 Kf8 31. a4 Kg8 32. Rd3 Kf8 33. R1d2 Kg8 34.
Kf2 g6 35. Ke2 Kf8 36. Kd1 Kg7 37. Kc2 Kf8 38. Be4 Kg7 39. g4 Kf8 40. Rd1 Kg7
41. R1d2 Kf8 42. Rd1 Kg8 43. h4 Kg7 44. h5 Rf8 45. Rg1 Rd8 46. f5 Rxd3 47. f6+
Kf8 48. fxe7+ Kxe7 49. Bxd3 Bd7 50. hxg6 hxg6 51. Rh1 Be8 52. Bd2 f5 53. exf6+
Kxf6 54. Rh7 Bf7 55. g5+ 1-0

[Event "16. Bayer Open"]
[Site "Leverkusen"]
[Date "2018.02.05"]
[Round "4.9"]
[White "Gramb, Marius"]
[Black "Hennig, Edgar Paul"]
[Result "1/2-1/2"]
[WhiteElo "2088"]
[BlackElo "1897"]
[PlyCount "38"]
[EventDate "2018.??.??"]
[WhiteTeam "Brühler SK"]
[BlackTeam "Satranç Club"]

1. d4 Nf6 2. c4 e6 3. g3 d5 4. Nf3 dxc4 5. Bg2 a6 6. a4 Nc6 7. O-O Rb8 8. Re1
Bb4 9. Nc3 Qe7 10. e4 e5 11. d5 Na5 12. h3 Nb3 13. Ra2 Nc5 14. Bg5 h6 15. Bxf6
Qxf6 16. Bf1 Bxc3 17. bxc3 b5 18. axb5 axb5 19. Nd2 O-O 1/2-1/2